Statistiques concernant Quiz club européens - Choix multiple

Cliquez ici pour prendre le quiz!

Statistiques générales

  • Ce quiz a été pris 109 fois
  • Le résultat moyen est 11 sur 15

Statistiques - réponses

QuestionRéponse% Correct
Quel club a remporter la Ligue 1 2021/2022 ?Paris-Saint-Germain
100%
Quel club ne se trouve pas en Premiere League ?Augsbourg
96%
Dans quelle ville se situe la JuventusTurin
96%
Contre qui le Réal Madrid jouait la finale de ligue des champions 2021/2022 ?Liverpool
94%
Dans quel championnat se trouve AZ Alkmaar ?Eredivisie
93%
Quel club de Ligue 1 ne se situe pas en France ?AS Monaco
86%
Quel club contient une chèvre sur son logo ?Cologne
85%
Quel est le seul club français à avoir été éliminer de toute compétition européennes en 2022/2023 ?Olympique de Marseille
85%
Quel club a fini premier de Ligue 2 2021/2022 ?Toulouse FC
74%
A quelle place de la Serie A la Juventus a-t-elle terminé la saison 2021/2022 ?4 ème
66%
Quel club a terminé dernier de Premiere League 2021/2022 ?Norwich City
58%
Quel club de Premiere League est basé à Birmingham ?Aston Villa
45%
Nombre de clubs se situant à Madrid3
38%
A quel club le logo de Santa Clara ressemble-t-il ?Benfica Lisbonne
28%
Quel club de Ligue 1 a la ville la moins peuplée ?RC Lens
18%

Distribution des résultats

Percentile par nombre de réponses

% des personnes avec chaque résultat

Votre développement - résultats

Vous n’avez pas pris ce quiz